000 00730nam a22002297i 4500
003 URS
005 20220117150738.0
020 _a9789712360480
040 _beng
_erda
_cURS
050 1 4 _aDS667
_bD494 2011
100 1 _aDe Viana, Augusto V.
_eauthor.
245 1 4 _aThe Philippines :
_ba story of a nation /
_cAugusto V. De Vera.
264 1 _aManila :
_bRex Book Store,
_c[2011]
300 _a400 pages :
_billustrations ;
_c23 cm
336 _atext
_btxt
_2rdacontent
337 _aunmediated
_bn
_2rdamedia
338 _avolume
_bnc
_2rdacarrier
500 _aIncludes bibliographical references (pages [383]-389) and indexes.
651 0 _aPhilippines
_xHistory
651 0 _aPhilippines
_xPolitics and government
942 _cF
_2lcc
999 _c5762
_d5762